| 000 | 00975nam a2200277Ia 4500 | ||
|---|---|---|---|
| 003 | OSt | ||
| 005 | 20221005111546.0 | ||
| 006 | a|||||r|||| 00| 0 | ||
| 007 | ta | ||
| 008 | GUJ | ||
| 020 |
_a8126012625 (pbk) _c125 |
||
| 024 | _a92902 | ||
| 037 |
_b533, 19/03/2009, Vani Prakashan _cTextual |
||
| 040 |
_aCRL _cCRL _bGUJ |
||
| 041 |
_2GUJ _aGUJ |
||
| 082 | _aO1565,1N39w, 152P2 | ||
| 100 |
_aपटेल, मणिलाल ह. _9164466 |
||
| 245 | 0 | _aरावजी पटेल | |
| 246 | _aRāvajī paṭela | ||
| 260 |
_aनई दिल्ली _bसाहित्य अकादेमी भारत _c2002 |
||
| 300 |
_a87पृ0 _ccm. |
||
| 490 | _aभारतीय साहित्य के निर्माता | ||
| 650 | _aगुजराती साहित्य | ||
| 942 |
_hO1565,1N39w, 152P2 _cTEXL _2cc |
||
| 999 |
_c1022171 _d1022171 |
||